| 000 | 005530000a22001810004500 | ||
|---|---|---|---|
| 003 | MACL | ||
| 005 | 20160505120903.0 | ||
| 008 | 160505b xxu||||| |||| 00| 0 eng d | ||
| 040 |
_aMACL _cMACL |
||
| 041 | _aHindi | ||
| 082 | _a800 SAX | ||
| 100 |
_aसक्सेना, वीरेंद्र _955263 |
||
| 245 | _aअ से लेकर ह तक | ||
| 260 |
_bमित्तल एंड संस _c2010 _aनई दिल्ली |
||
| 350 | _a150 | ||
| 650 |
_aसंस्मरण _954854 |
||
| 942 |
_cHIN _k800/SAX _2ddc |
||
| 999 |
_c45324 _d45324 |
||